Statistiques concernant Culture Générale - Série 2540

Cliquez ici pour prendre le quiz!

Statistiques générales

  • Ce quiz a été pris 147 fois
  • Le résultat moyen est 5 sur 10

Statistiques - réponses

QuestionRéponse% Correct
Quelle est la capitale de la Suisse ?Berne
98%
Mot castillan, dérivé d'ahuaca-mulli, qui signifie « sauce à l'avocat »guacamole
74%
Dans la mythologie grecque, quelle est la déesse de la chasse ?Artémis
65%
Dans quelle partie du corps humain trouve-t-on le muscle zygomatique ?joue
62%
Terme argotique qui sert à désigner un chien, généralement pour signifier qu'il n'est pas apprécié et indésirable - 7 lettres commençant par " c "clébard
53%
Quel animal est appelé "guppy" ?poisson
43%
Quel animal est appelé "torcol" ?oiseau
26%
Faucon de petite taille - Gentilhomme campagnard de petite noblesse, qui vit sur ses terres. - 8 lettres commençant par " h "hobereau
15%
Faux brave, homme qui se vante d'exploits imaginaires - 8 lettres commençant par " m "matamore
13%
Tenue traditionnelle qui se porte en Afrique du Nord et en Orient, caractérisée par une longue et large tunique sans manches et sans capuchon - 8 lettres commençant par " g " - voir photogandoura
9%

Distribution des résultats

Percentile par nombre de réponses

% des personnes avec chaque résultat

Votre développement - résultats

Vous n’avez pas pris ce quiz